000 00556nam a2200181Ia 4500
003 GCL
008 140319s9999 xx 000 0 ara d
020 _a1007179960
040 _aGCL /
_cGCL
082 0 4 _aم
_b912.531
_bو ا
245 1 0 _aاطلس المملكة العربية السعودية
250 _aالاولى
260 _aالرياض :
_bوزارة التربية والتعليم ،
_c1999
300 _a288ص ؛
_c50 سم
650 0 4 _aالسعودية - خرائط
650 0 4 _aالاطالس الجغرافية
942 _2ddc
_cBK
999 _c33663
_d33663